000 00445nam a2200181Ia 4500
005 20250923144535.0
008 008 250917s9999 xx 000 0 eng d
037 _aTextual
040 _aDSWL
_beng
_cDSWL
041 _aeng
_2eng
084 _qDSWL
100 _aBrayne, F.L.
_9825918
245 0 _aBetter villages
_cby F.L. Brayne
260 _c1938
300 _axvi,296p.
942 _cTEXL
999 _c1440223
_d1440223